Normal view
MARC view
Entry Personal Name
001 - CONTROL NUMBER
- control field: 25323
003 - CONTROL NUMBER IDENTIFIER
- control field: OSt
005 - DATE AND TIME OF LATEST TRANSACTION
- control field: 20230606150319.0
008 - FIXED-LENGTH DATA ELEMENTS
- fixed length control field: 230606|| aca||aabn | a|a d
040 ## - CATALOGING SOURCE
- Original cataloging agency: OSt
- Transcribing agency: OSt
100 ## - HEADING--PERSONAL NAME
- Personal name: သၢႆလႅင်း(ၼမ်ႉၽိတ်ႉၽူး)၊
- Titles and other words associated with a name: ၸၢႆး။
670 ## - SOURCE DATA FOUND
- Source citation: Work cat.: (OSt): သၢႆလႅင်း(ၼမ်ႉၽိတ်ႉၽူး)၊ ၸၢႆး။, ဝၢၼ်ႈတႆး ၼႂ်းထုင်ႉဝဵင်းႁူဝ်ပၢင်ႇလူင် /, 2018 ။